Proceedings of the symposium on functional analysis

Αποθηκεύτηκε σε:
Λεπτομέρειες βιβλιογραφικής εγγραφής
Συγγραφή απο Οργανισμό/Αρχή: Mathematical Research Institute (Istambul)
Μορφή: Βιβλίο
Γλώσσα:English
Δημοσίευση: Istanbul : Mathematical Research Institute, c1974.
Σειρά:Publication of the mathematical research institute ;
Θέματα:
Ετικέτες: Προσθήκη ετικέτας
Δεν υπάρχουν, Καταχωρήστε ετικέτα πρώτοι!

MARC

LEADER 00000nam a2200000 a 4500
001 1/126197
008 230214t1974 tu | ||| |||| ||eng||
040 |a GR-MyUa  |b gre  |c GR-MyUa  |e AACR2 
041 0 |a eng 
082 7 |a 515.7  |2 (23) 
110 1 |a Mathematical Research Institute (Istambul) 
245 1 0 |a Proceedings of the symposium on functional analysis /   |c Mathematical Research Institute.  
260 |a Istanbul :   |b Mathematical Research Institute,   |c c1974.  
300 |a ivii, 117 σ. :   |b εικ. ;   |c 24 εκ.  
490 1 |a (Publication of the mathematical research institute ;   |v 1) 
504 |a Περιέχει βιβλιογραφικές αναφορές και ευρετήριο.  
650 0 |a Functional analysis. 
830 0 |a Publication of the mathematical research institute ;   |n 1. 
852 |a INST  |b SAMOS  |e 20230224  |h 515.7 MAT  |p 005300048129  |q 005300048129  |t BK  |y 0 
970 |a Γουβάλα  |b Βάσω  |z 24-02-2023